000 00665pam a2200217 a 4500
001 3260916
005 20180129033636.0
008 810821s1982 enk b 001 0 eng
010 _a 81014666
020 _a0471100781 :
_c$45.00 (est.)
040 _aDLC
_cDLC
_dDLC
041 _aeng
080 _a658.007 ric
082 0 0 _a658.007 ric
_219
100 _a53
101 _aman
245 0 0 _aManagement education :
_cedited by Richard D. Freedman, Cary L. Cooper, Stephen A. Stumpf.
504 _aIncludes bibliographies and indexes.
906 _a7
_bcbc
_corignew
_d1
_eocip
_f19
_gy-gencatlg
942 _2ddc
_cBK
999 _c41114
_d41114